| 000 | 00691nam a22002417a 4500 | ||
|---|---|---|---|
| 005 | 20220224152323.0 | ||
| 008 | 220224b ||||| |||| 00| 0 eng d | ||
| 020 | _a9789351070009 | ||
| 040 | _cAL | ||
| 041 | _aEnglish | ||
| 082 |
_223 _a596.04 _bSAXC |
||
| 100 |
_aSaxena R K and others _921854 |
||
| 245 | _aComparative Anatomy of Vertebrates | ||
| 250 | _aEd 2. | ||
| 260 |
_aNew Delhi _bViva Books _c2019 |
||
| 300 |
_avii,667 p. _bPB _c24x17 cm. |
||
| 365 |
_aMLSH21CRB338 _b₹636.00 _c₹ _d₹795.00 _e20% _f20-02-2022 |
||
| 650 |
_aComparative Anatomy _921855 |
||
| 650 | _2Zoology | ||
| 700 |
_aSAXENA (R K) _921856 |
||
| 700 |
_aSAXENA (Sumitra) _921857 |
||
| 942 |
_2ddc _cBK |
||
| 999 |
_c221601 _d221601 |
||